000 01429cam a2200385 i 4500
001 120689
005 20230410105408.0
008 130722s2014 nyuaf b 001 0 eng
035 _a17820773
010 _a 2013028118
020 _a9781594204012 (hardback)
040 _aDLC
_beng
_cDLC
_erda
_dDLC
042 _apcc
050 1 4 _aHB 615
_bF982w 2014
082 0 0 _a338.4736373874
084 _aBUS094000
_2bisacsh
100 1 _aFunk, McKenzie.
245 1 0 _aWindfall :
_bthe booming business of global warming /
_cMcKenzie Funk.
264 1 _aNew York :
_bPenguin Press,
_c2014.
300 _a310 pages, 16 pages of unnumbered plates :
_bcolor illustrations ;
_c24 cm
336 _atext
_2rdacontent
337 _aunmediated
_2rdamedia
338 _avolume
_2rdacarrier
520 _a"An investigation into how entrepreneurial people and institutions around the globe are cashing in on the new world being created by global warming--and who will pay the price for it"--
_cProvided by publisher.
504 _aIncludes bibliographical references (pages 295-298) and index.
650 0 _aEntrepreneurship.
650 0 _aGlobal warming
_xEconomic aspects.
650 0 _aClean energy investment.
650 7 _aBUSINESS & ECONOMICS / Green Business.
_2bisacsh
650 4 _a20150800.
650 4 _aEmprendimiento.
650 4 _aCalentamiento global
_xAspectos económicos.
942 _2lcc
_cbk
946 _aYSL
999 _c35828
_d35828